Human development

Saved in:
Bibliographic Details
Main Author: Papalia, Diane E.
Other Authors: Wendkos Olds, Sally
Format: Book
Language:English
Published: New York : McGraw-Hill, 1995
Edition:6th edition
Subjects:
Tags: Add Tag
No Tags, Be the first to tag this record!

MARC

LEADER 00000nam a2200000 i 4500
001 1/89350
008 970609s1995 eng d
020 |a 0-07-113598-7 
035 |a 1995  |b 3  |c Πολεμικός  |l 10035727 
040 |a GR-MY-UA  |b gre  |e aacr 
041 0 |a eng 
082 0 |a 155 
100 1 |a Papalia, Diane E. 
245 1 0 |a Human development /  |c Diane E. Papalia, Sally Wendkos Olds 
250 |a 6th edition 
260 |a New York :   |b McGraw-Hill,   |c 1995 
300 |a 697 p. 
650 0 0 |a Developmental psychology. 
650 0 0 |a Developmental psychobiology. 
700 1 |a Wendkos Olds, Sally. 
852 |a INST  |b RHODES  |e 19970609  |h 155 PAP  |p 005400011552  |q 005400011552  |t BK  |y 0 
909 |a Ρ  |b 044848  |c 1995